| 000 | 00661nam a2200229Ia 4500 | ||
|---|---|---|---|
| 008 | 100315s9999 xx 000 0 und d | ||
| 040 | _cENGLISH | ||
| 082 |
_b11061 _a657.48 |
||
| 100 | _a"MURTHY, GURUPRASAD " | ||
| 245 | _aFinancial Accounting | ||
| 260 |
_aMUMBAI _bHIMALAYA _c2009 |
||
| 300 | _a487 | ||
| 365 |
_eRupees _d1 _b375.00 |
||
| 366 | _f0 | ||
| 505 | _gVaibhav Gaikwad | ||
| 530 | _bDonated By Dr. Guruprasad Murthy | ||
| 620 | _a"Financial Accounting, Book Keeping, Tax, Funds " | ||
| 630 | _aFinancial Accounting | ||
| 650 | _aFINANCIAL ACCOUNTING | ||
| 730 | _aFinancial Accounting | ||
| 942 | _cBOOK | ||
| 999 |
_c485795 _d485792 |
||